000 00572nam a2200205Ia 4500
005 20250923144345.0
008 008 250917s9999 xx 000 0 eng d
037 _aTextual
040 _aDSWL
_beng
_cDSWL
041 _aeng
_2eng
084 _aX:958:3:N4, J0
_qDSWL
100 _aClarke, Charles
_9824050
245 0 _aSocial insurance in Britain
_cby Charles Clarke
260 _aCambridge
_bCUP
_c1958
300 _a136 p.
365 _aINR
_b13.6
925 _g13.6
942 _cTEXL
_hX:958:3:N4, J0
999 _c1437856
_d1437856